000
00299nam a22001457a 4500
003
SGT
082
_a
618.92
_b
C74V
100
_a
VOLPOR, M.
245
_a
CHILDHOOD ORTHOPAEDICS
250
_a
1ST
260
_a
MOSCOW
_b
MIR PUB
_c
1974
300
_a
280
650
_a
ORTHOPAEDICS
942
_2
ddc
_c
RARE
999
_c
29187
_d
29187